000 00322nam a22001457a 4500
008 221104b ||||| |||| 00| 0 eng d
020 _a0871137224
041 _aeng
080 _a530.14
082 _a530.14 LIN
100 _a24.1
101 _aKAPI
245 _aROAD TRIPS HEAD TRIPS
_cLINDAMOOD J
942 _2udc
_cBK
999 _c58753
_d58753